Sparsest countries Quiz Stats

 Plays Quiz not verified by Sporcle

Challenge
Share
Tweet
Embed
Score 0/50 Timer 10:00
0 Plays Today
population country % Correct
33,740,000Canada
95%
141,927,297Russia
93.7%
22,687,888Australia
92.3%
2,671,000Mongolia
91%
311,170,000United States
86.9%
194,553,730Brazil
85.1%
39,154,490Sudan
83.8%
4,920,225Norway
82.4%
34,895,000Algeria
82.4%
9,366,092Sweden
81.5%
15,776,492Kazakhstan
81.1%
5,382,438Finland
81.1%
6,420,000Libya
80.2%
40,091,359Argentina
80.2%
28,146,658Saudi Arabia
78.8%
11,274,106Chad
77.9%
15,290,000Niger
77.5%
29,461,933Peru
77.5%
14,517,176Mali
77%
4,315,800New Zealand
77%
17,225,681Chile
76.1%
2,171,000Namibia
73%
5,110,000Turkmenistan
72.1%
68,692,542Democratic Republic of the Congo
72.1%
3,291,000Mauritania
71.2%
population country % Correct
318,452Iceland
69.8%
9,879,000Bolivia
67.6%
22,894,000Mozambique
65.8%
18,498,000Angola
65.3%
1,950,000Botswana
63.5%
2,845,000Oman
63.5%
6,349,000Paraguay
63.1%
9,133,000Somalia
62.2%
520,000Suriname
61.3%
762,000Guyana
61.3%
12,935,000Zambia
61.3%
5,482,000Kyrgyzstan
60.4%
3,463,197Uruguay
59.5%
6,732,000Papua New Guinea
57.7%
3,998,904Republic of the Congo
53.6%
6,320,000Laos
48.2%
1,475,000Gabon
44.6%
1,340,021Estonia
41.9%
322,100Belize
39.6%
4,422,000Central African Republic
36.9%
523,000Solomon Islands
34.2%
240,000Vanuatu
32%
3,476,608Liberia
31.5%
676,000Equatorial Guinea
29.3%
342,000Bahamas
26.1%

You're not logged in!

Compare scores with friends on all Sporcle quizzes.
Join for Free
OR
Log In

You Might Also Like...

Show Comments

Extras

Top Quizzes Today


Score Distribution

Your Account Isn't Verified!

In order to create a playlist on Sporcle, you need to verify the email address you used during registration. Go to your Sporcle Settings to finish the process.

Report this User

Report this user for behavior that violates our Community Guidelines.

Details: